Komplexní program pro talenty talentovo desatero
Cieľ programu. Kto je talent, koho hľadáme, ako ho hľadáme, ako sa oň staráme, ako program organizujeme, s kým spolupracujeme, ako plánujeme rozpočet a harmonogram, ako program komunikujeme, ako ho vyhodnocujeme.
Salvato in:
| Autore principale: | |
|---|---|
| Natura: | Capitolo di libro |
| Lingua: | ceco |
| Soggetti: | |
| Tags: |
Nessun Tag, puoi essere il primo ad aggiungerne!!
|
MARC
| LEADER | 00000naa$a2200000$$$4500 | ||
|---|---|---|---|
| 001 | 0091107 | ||
| 005 | 20231019115020.6 | ||
| 041 | 0 | |a cze | |
| 044 | |a CZ | ||
| 245 | 1 | 0 | |a Komplexní program pro talenty |b talentovo desatero |c Kateřina Horová |
| 520 | |a Cieľ programu. Kto je talent, koho hľadáme, ako ho hľadáme, ako sa oň staráme, ako program organizujeme, s kým spolupracujeme, ako plánujeme rozpočet a harmonogram, ako program komunikujeme, ako ho vyhodnocujeme. | ||
| 610 | 2 | 0 | |a zdroje ľudské |
| 610 | 2 | 0 | |a schopnosti pracovné |
| 610 | 2 | 0 | |a využitie síl pracovných |
| 610 | 2 | 0 | |a manažment personálny |
| 100 | 1 | |a Horová, Kateřina | |